000 00568cam a2200193 4500500
005 20260329004442.0
041 _afre
042 _adc
100 1 0 _aPortevin, Catherine
_eauthor
245 0 0 _aLe Siècle du populisme
260 _c2020.
500 _a97
690 _aDémocratie
690 _aPeuple
690 _aPierre Rosanvallon
690 _aPopulisme
786 0 _nPhilosophie magazine | 136 | 2 | 2020-02-01 | p. 40-42 | 1951-1787
856 4 1 _uhttps://shs.cairn.info/magazine-philosophie-magazine-2020-2-page-40?lang=fr&redirect-ssocas=7080
999 _c1833992
_d1833992